000 00579nam a2200169Ia 4500
005 20250219154101.0
008 240806s9999||||xx |||||||||||||| ||eng||
020 _a81-7124-313-4
041 _aeng
100 _aAgrwal, Prithvi Kumar
245 0 _aPrachin bharat kala & vastu /
_cAgrwal, Prithvi Kumar
260 _aVaranashi:
_bVishvavidhalay Prakashan,
_c2002
300 _a468p.
650 _aGeneral Studies
880 _6245
_aप्राचीन भारत कला एवं वास्तु/अग्रवाल, पृथ्वी कुमार
942 _cBK
999 _c9961
_d9961